Statistics for Countries Starting With M with Flags Containing Green

Click here to take the quiz!

General Stats

  • This quiz has been taken 78 times
  • The average score is 10 of 12

Answer Stats

Answer% Correct
Mexico
98%
Morocco
95%
Mozambique
90%
Maldives
88%
Mali
88%
Montenegro
88%
Mauritania
86%
Moldova
86%
Malawi
84%
Mauritius
79%
Myanmar
79%
Madagascar
76%

Score Distribution

Percentile by Number Answered

Percent of People with Each Score

Your Score History

You have not taken this quiz